[Event "XXIV Rapid"]
[Site "Villarrobledo ESP"]
[Date "2009.07.26"]
[Round "7"]
[White "Bacrot,E"]
[Black "Ni Hua"]
[Result "1/2-1/2"]
[WhiteElo "2721"]
[BlackElo "2701"]

1.d4 d5 2.c4 c6 3.Nf3 Nf6 4.e3 a6 5.Nc3 b5 6.c5 g6 7.Ne5 Bg7 8.Be2 O-O 9.f4 Nfd7
10.Nd3 a5 11.a3 f5 12.Bd2 Nf6 13.b4 a4 14.Qc2  1/2-1/2

[Event "XXIV Rapid"]
[Site "Villarrobledo ESP"]
[Date "2009.07.26"]
[Round "8"]
[White "Ni Hua"]
[Black "Milchev,N"]
[Result "1-0"]
[WhiteElo "2701"]
[BlackElo "2351"]

1.e4 e5 2.Nf3 Nf6 3.Nxe5 d6 4.Nf3 Nxe4 5.d4 d5 6.Bd3 Nc6 7.O-O Be7 8.c4 Nb4
9.Be2 dxc4 10.Bxc4 O-O 11.h3 Nd6 12.Bb3 Nf5 13.a3 Nc6 14.d5 Na5 15.Ba2 Bf6
16.Nc3 Nd6 17.Bf4 Nac4 18.Bxc4 Nxc4 19.Qb3 Nd6 20.Rac1 Bf5 21.Rfd1 Re8 22.Nd4 Bxd4
23.Rxd4 a6 24.Rdd1 b5 25.a4 Bd7 26.axb5 axb5 27.Qb4 Qf6 28.Bg3 h6 29.Qc5 Rac8
30.Re1 h5 31.Rxe8+ Nxe8 32.Re1 Nd6 33.h4 Nf5 34.Nxb5 Qxb2 35.Nxc7 Qd2 36.Qc1 Qd4
37.Qf4 Qc5 38.d6 Qc3 39.Rc1 Qd3 40.Kh2 Nh6 41.Kg1 Rb8 42.Qf3 Qg6 43.Nd5 Nf5
44.Rc7 Be6 45.Ne7+ Nxe7 46.dxe7 Qb1+ 47.Kh2 Qb5 48.Bd6 Re8 49.Qg3  1-0

[Event "RUS-CHN Match Rapid"]
[Site "Sochi RUS"]
[Date "2009.08.21"]
[Round "2"]
[White "Timofeev,Arty"]
[Black "Ni Hua"]
[Result "1/2-1/2"]
[WhiteElo "2681"]
[BlackElo "2701"]

1.e4 e6 2.d4 d5 3.Nd2 c5 4.exd5 Qxd5 5.Ngf3 cxd4 6.Bc4 Qd6 7.Bb3 Nc6 8.Nc4 Qd8
9.O-O Nf6 10.Qe2 Bc5 11.Rd1 O-O 12.c3 b5 13.Nce5 Qb6 14.Nxc6 Qxc6 15.cxd4 Bd6
16.Bg5 Nd5 17.Ne5 Qe8 18.Bh4 Bb7 19.Bg3 Rc8 20.Rac1 a6 21.Nd3 Qe7 22.Bxd6 Qxd6
23.Qe5 Qxe5 24.dxe5 a5 25.a3 h6 26.g3 Ne7 27.Nc5 Bd5 28.Bxd5 Nxd5 29.Ne4 a4
30.Nd6 Rxc1 31.Rxc1 Rb8 32.h4 f6 33.exf6 gxf6 34.Re1 Nc7 35.Rc1 Nd5 36.Kg2 b4
37.Rc4 Kf8 38.Ne4 Ke7 39.axb4 f5 40.Nc5 Nxb4 41.Nxa4 Nd3 42.Rc3 Nxb2 43.Nxb2  1/2-1/2

[Event "RUS-CHN Match Rapid"]
[Site "Sochi RUS"]
[Date "2009.08.22"]
[Round "7"]
[White "Ni Hua"]
[Black "Timofeev,Arty"]
[Result "1/2-1/2"]
[WhiteElo "2701"]
[BlackElo "2681"]

1.e4 c5 2.Nf3 d6 3.d4 cxd4 4.Nxd4 Nf6 5.Nc3 e6 6.Be3 Nc6 7.Qd2 Be7 8.O-O-O Ng4
9.Ndb5 a6 10.Nxd6+ Qxd6 11.Qxd6 Bxd6 12.Rxd6 Nxe3 13.fxe3 Ke7 14.Rd2 b5 15.Be2 Ne5
16.Rhd1 Bb7 17.Rd4 Bc6 18.a4 Rhb8 19.axb5 axb5 20.b4 Be8 21.Rd6 Nc4 22.Bxc4 bxc4
23.R6d4 Rxb4 24.Kd2 Ra5 25.Rb1 Rxb1 26.Nxb1 Rh5 27.h3 Rg5 28.g4 h5 29.e5 Rxe5
30.Nc3 hxg4 31.hxg4 Rc5 32.Ne4 Rc7 33.Kc3 Bb5 34.Kb4 Bc6 35.Rxc4 Rb7+ 36.Kc3 Bd5
37.Ra4 Rc7+ 38.Kd3 f5 39.gxf5 exf5 40.Ng3 Be6 41.Rf4 Kf6 42.Nxf5 Bxf5+ 43.e4 g6  1/2-1/2

[Event "RUS-CHN Match Rapid"]
[Site "Sochi RUS"]
[Date "2009.08.22"]
[Round "9"]
[White "Ni Hua"]
[Black "Tomashevsky,E"]
[Result "0-1"]
[WhiteElo "2701"]
[BlackElo "2689"]

1.e4 e5 2.Nf3 Nc6 3.Nc3 Nf6 4.Bb5 Bb4 5.O-O O-O 6.d3 Bxc3 7.bxc3 d6 8.Re1 Bd7
9.d4 h6 10.h3 Re8 11.Bd3 Qe7 12.a4 a5 13.Ba3 b6 14.Bb5 Qd8 15.Qd3 Na7 16.Bc4 Be6
17.Rad1 Bxc4 18.Qxc4 Qc8 19.Nh4 exd4 20.cxd4 Rxe4 21.Rxe4 d5 22.Re8+ Qxe8
23.Qxc7 Qxa4 24.Rd3 Qc6 25.Qf4 Qxc2 26.Qf3 Re8 27.Nf5 Qe2 28.Qxe2 Rxe2 29.Rc3 Nb5
30.Rc8+ Kh7 31.Be7 Nxd4  0-1

[Event "RUS-CHN Match Blitz"]
[Site "Sochi RUS"]
[Date "2009.08.23"]
[Round "1"]
[White "Nepomniachtchi,I"]
[Black "Ni Hua"]
[Result "1/2-1/2"]
[WhiteElo "2632"]
[BlackElo "2701"]

1.e4 c5 2.Nf3 Nc6 3.d4 cxd4 4.Nxd4 Nf6 5.Nc3 e5 6.Ndb5 d6 7.Bg5 a6 8.Na3 b5
9.Nd5 Be7 10.Bxf6 Bxf6 11.c4 b4 12.Nc2 O-O 13.h4 a5 14.Qf3 Be6 15.Rd1 Be7
16.Bd3 a4 17.b3 axb3 18.axb3 Bxd5 19.cxd5 Nd4 20.Nxd4 exd4 21.g3 Ra2 22.O-O Bf6
23.Rc1 Rb2 24.Rb1 Rxb1 25.Rxb1 Qc7 26.Bc4 Ra8 27.Qe2 Qa7 28.Re1 Qa2 29.f4 Qxe2
30.Rxe2 Kf8 31.e5 Be7 32.Kf2 Ra1 33.Kf3 f5 34.Bd3 Rc1 35.Bxf5 Rc3+ 36.Ke4 Rxg3
37.Ra2 Rxb3 38.Ra8+ Kf7 39.Ra7 Kf8 40.Be6 g6 41.Kxd4 Rb1 42.h5 gxh5 43.exd6 Bxd6
44.f5 Rf1 45.Rxh7 b3 46.Rb7 Rf3 47.Ke4 Rf4+ 48.Kd3 Rb4 49.Rxb4 Bxb4 50.f6 h4
51.d6 b2 52.Kc2 Bxd6  1/2-1/2

[Event "RUS-CHN Match Blitz"]
[Site "Sochi RUS"]
[Date "2009.08.23"]
[Round "2"]
[White "Ni Hua"]
[Black "Timofeev,Arty"]
[Result "1-0"]
[WhiteElo "2701"]
[BlackElo "2681"]

1.e4 c5 2.Nf3 d6 3.d4 cxd4 4.Qxd4 a6 5.c4 Nc6 6.Qe3 Bg4 7.Nbd2 g6 8.h3 Bxf3
9.Nxf3 Bg7 10.Be2 Nf6 11.O-O O-O 12.Rd1 Nd7 13.Rb1 Qc7 14.b3 Rab8 15.a4 a5
16.Bd2 Nc5 17.Bf1 e5 18.Bc3 Ne6 19.Qd2 Rbd8 20.g3 Qb6 21.h4 Nc5 22.Qc2 Nb4
23.Qe2 f5 24.exf5 gxf5 25.Bg2 Kh8 26.Ng5 h6 27.Qh5 Ncd3 28.Rxd3 Nxd3 29.Qg6 Qxf2+
30.Kh1 Qxg2+ 31.Kxg2 hxg5 32.hxg5 Kg8 33.Rf1 b6 34.Qe6+  1-0

[Event "RUS-CHN Match Blitz"]
[Site "Sochi RUS"]
[Date "2009.08.23"]
[Round "4"]
[White "Ni Hua"]
[Black "Tomashevsky,E"]
[Result "0-1"]
[WhiteElo "2701"]
[BlackElo "2689"]

1.e4 e5 2.Nf3 Nc6 3.Nc3 Nf6 4.Bb5 Bb4 5.O-O O-O 6.d3 Bxc3 7.bxc3 d6 8.Re1 Bd7
9.h3 h6 10.d4 Re8 11.Bd3 b6 12.Bb2 Qe7 13.Nh4 Rad8 14.Qf3 Na5 15.Re3 Nh7
16.Nf5 Qf6 17.Rae1 Ng5 18.Qg3 Kh8 19.f4 exf4 20.Qxf4 Bxf5 21.exf5 Rxe3 22.Qxe3 c5
23.Qe7 Nh7 24.Qxa7 c4 25.Bf1 d5 26.Ba3 Rg8 27.Qd7 Qh4 28.Re5 Qg3 29.Qxf7 Ng5
30.Qg6 Nf3+ 31.Kh1 Qh2+  0-1

[Event "RUS-CHN Match Blitz"]
[Site "Sochi RUS"]
[Date "2009.08.23"]
[Round "7"]
[White "Timofeev,Arty"]
[Black "Ni Hua"]
[Result "1/2-1/2"]
[WhiteElo "2681"]
[BlackElo "2701"]

1.e4 c6 2.d4 d5 3.f3 e6 4.Nc3 Nf6 5.Be3 Bb4 6.e5 Nfd7 7.f4 c5 8.Nf3 Nc6 9.Be2 cxd4
10.Nxd4 a6 11.O-O O-O 12.Kh1 Bc5 13.Qd2 Nxd4 14.Bxd4 b5 15.Bxc5 Nxc5 16.Qd4 Qc7
17.f5 exf5 18.Nxd5 Qa7 19.Ne3 g6 20.Nd5 Be6 21.Nf6+ Kg7 22.Qh4 h6 23.Rf3 Nd7
24.Rh3 Rh8 25.Nxd7 g5 26.Qb4 Qxd7 27.Qd6 Rhd8 28.Qxd7 Rxd7 29.Bd3 f4 30.Rf3 Rc8
31.Re1 Rc5 32.Rf2 Rdd5 33.Rfe2 Bg4 34.Re4 Bf5 35.R4e2 Bxd3 36.cxd3 Rxd3 37.e6 fxe6
38.Rxe6 Re3 39.R1xe3 fxe3 40.h3 Rc2 41.Rxe3 Rxb2 42.Ra3 Kf6 43.Rxa6+ Kf5
44.Kh2 h5 45.a4 b4 46.a5 Ke5 47.Rb6 Ra2  1/2-1/2

[Event "RUS-CHN Match Blitz"]
[Site "Sochi RUS"]
[Date "2009.08.23"]
[Round "9"]
[White "Tomashevsky,E"]
[Black "Ni Hua"]
[Result "1-0"]
[WhiteElo "2689"]
[BlackElo "2701"]

1.Nf3 Nf6 2.c4 c6 3.Nc3 d5 4.e3 a6 5.Be2 Bg4 6.Qb3 Ra7 7.h3 Bxf3 8.Bxf3 e6
9.d4 b5 10.cxb5 axb5 11.O-O Be7 12.Bd2 O-O 13.Rfc1 Nbd7 14.Ne2 Qb6 15.a3 c5
16.dxc5 Nxc5 17.Qc2 Nce4 18.Be1 Bd6 19.Qc6 Qb8 20.Nd4 Rb7 21.b4 h6 22.Be2 Rb6
23.Qc2 Bh2+ 24.Kh1 Be5 25.Nc6 Rxc6 26.Qxc6 Bxa1 27.Rxa1 Rc8 28.Qxb5 Qe5 29.Rd1 Rc2
30.Kg1 Qb2 31.Kf1 Qxa3 32.f3 Nc3 33.Qb8+ Kh7 34.Bd3+ g6 35.Bxc2 Nxd1 36.Bxd1 Qxe3
37.Qc7 Kg8 38.Qc3 Qf4 39.Qd2 Qd6 40.b5 d4 41.Be2 e5 42.Qb4 Qb8 43.Bc4 e4
44.Qe7  1-0

[Event "Maotai Prince Cup Kings"]
[Site "JinZhou CHN"]
[Date "2009.09.18"]
[Round "2"]
[White "Ni Hua"]
[Black "Li Chao2"]
[Result "1-0"]
[WhiteElo "2692"]
[BlackElo "2617"]

1.Nf3 Nf6 2.c4 g6 3.Nc3 d5 4.Qa4+ Bd7 5.Qb3 dxc4 6.Qxc4 a6 7.d4 b5 8.Qd3 Bg7
9.e4 b4 10.Ne2 O-O 11.Nf4 Bc6 12.e5 Nd5 13.h4 Qd7 14.h5 Nxf4 15.Bxf4 Bxf3
16.gxf3 Nc6 17.Be3 Rfd8 18.Rd1 e6 19.hxg6 hxg6 20.Be2 Ne7 21.Bg5 Nf5 22.f4 Nxd4
23.Kf1 Qb5 24.Qxb5 axb5 25.Bxd8 Rxd8 26.Bxb5 g5 27.fxg5 Bxe5 28.Bc4 Rd6 29.Kg2 Kg7
30.Bd3 Nc6 31.Be4 Nd4 32.Rh7+ Kg8 33.g6 f5 34.Bd3 Bg7 35.Bc4 Kf8 36.f4 c5
37.Kf2 Rb6 38.Re1 Rd6 39.Re3 Rb6 40.a4 b3 41.a5 Rb4 42.Bxe6 Nc2 43.Rxb3 Rxf4+
44.Kg3 Rg4+ 45.Kh3  1-0

[Event "Maotai Prince Cup Kings"]
[Site "JinZhou CHN"]
[Date "2009.09.22"]
[Round "5"]
[White "Bu Xiangzhi"]
[Black "Ni Hua"]
[Result "1/2-1/2"]
[WhiteElo "2702"]
[BlackElo "2692"]

1.d4 d5 2.c4 c6 3.Nf3 Nf6 4.e3 a6 5.Nc3 b5 6.b3 Bg4 7.Be2 e6 8.O-O Nbd7 9.Bb2 Bd6
10.h3 Bh5 11.Ne5 Bxe2 12.Nxe2 bxc4 13.bxc4 O-O 14.Nxd7 Qxd7 15.Qa4 Rfb8 16.Ba3 Bxa3
17.Qxa3 dxc4 18.Rfc1 Qd5 19.Nf4 Qb5 20.Qc3 c5 21.dxc5 Qxc5 22.Qxc4 Qxc4 23.Rxc4 Rc8
24.Rac1 Rxc4 25.Rxc4 g5 26.Nd3 Rd8 27.Ne5 Rd5 28.f4 gxf4 29.exf4 Nd7 30.Nxd7 Rxd7
31.Rc6 Rd1+ 32.Kh2 Rd4 33.f5 Ra4 34.fxe6 fxe6 35.Rxe6 Rxa2 36.Re7 a5 37.Ra7 a4
38.h4 a3 39.Kh3 h6 40.Ra6 Kg7 41.Ra7+ Kg8 42.Ra6 Kg7  1/2-1/2

[Event "3rd Asian Indoor Team Rapid Prelim"]
[Site "Ha Long City VIE"]
[Date "2009.11.05"]
[Round "2"]
[White "Mahjoob,M"]
[Black "Ni Hua"]
[Result "0-1"]
[WhiteElo "2510"]
[BlackElo "2655"]

1.e4 e5 2.Nf3 Nc6 3.Bc4 Nf6 4.O-O Bc5 5.d4 Bxd4 6.Nxd4 Nxd4 7.f4 d6 8.fxe5 dxe5
9.Bg5 Be6 10.Na3 Qe7 11.Bxf6 gxf6 12.c3 Nc6 13.Kh1 Rg8 14.Qf3 O-O-O 15.Qxf6 Rd2
16.Qxe7 Nxe7 17.Bxe6+ fxe6 18.Nc4 Rdxg2 19.Rg1 Rxg1+ 20.Rxg1 Rxg1+ 21.Kxg1 Ng6
22.a4 Kd7 23.Kf2 b6 24.Kf3 h5 25.b4 a6 26.Nb2 Ke7 27.Nc4 Kd7 28.Nb2 Kc6 29.Nc4 b5
30.Na5+ Kb6 31.axb5 Kxb5 32.Nb7 Kc4 33.Ke3 Kxc3 34.Nc5 c6 35.Nxa6 Kc4 36.Nb8 Ne7
37.Nd7 Kxb4 38.Nxe5 c5 39.Nd3+ Kc4 40.Nf4 e5 41.Nxh5 Kb3 42.Ng3 Ng6 43.Kd2 c4
44.Ne2 Nh4 45.h3 Kb2 46.Ke3 c3  0-1

[Event "3rd Asian Indoor Team Rapid Prelim"]
[Site "Ha Long City VIE"]
[Date "2009.11.05"]
[Round "6"]
[White "Ni Hua"]
[Black "Araz,B"]
[Result "1-0"]
[WhiteElo "2655"]
[BlackElo "2304"]

1.e4 e5 2.Nf3 Nf6 3.Nxe5 d6 4.Nf3 Nxe4 5.d4 d5 6.Bd3 Nc6 7.O-O Be7 8.c4 Nb4
9.Be2 Bf5 10.a3 Nc6 11.cxd5 Qxd5 12.Nc3 Nxc3 13.bxc3 O-O 14.Re1 Rfe8 15.Bf4 Na5
16.Bxc7 b6 17.Bd3 Bg6 18.Bg3 Rac8 19.Re5 Qb3 20.Bxg6 Qxd1+ 21.Rxd1 fxg6 22.Rde1 Kf7
23.R5e4 Bf6 24.Rxe8 Rxe8 25.Rxe8 Kxe8 26.Nd2 b5 27.Bc7 Nc6 28.Bd6 Kd7 29.Bc5 a5
30.Kf1 b4 31.axb4 axb4 32.d5 Ne5 33.Bxb4 Nd3 34.Ne4 Nxb4 35.Nxf6+ gxf6 36.cxb4 Kd6
37.Ke2  1-0

[Event "3rd Asian Indoor Team Rapid Prelim"]
[Site "Ha Long City VIE"]
[Date "2009.11.06"]
[Round "7"]
[White "Pak,Y"]
[Black "Ni Hua"]
[Result "0-1"]
[WhiteElo "2352"]
[BlackElo "2655"]

1.d4 d5 2.c4 c6 3.Nc3 Nf6 4.e3 a6 5.Nf3 b5 6.c5 g6 7.Ne5 Bg7 8.Be2 O-O 9.O-O Be6
10.f4 Qc7 11.Bd2 Nbd7 12.Be1 Nxe5 13.fxe5 Ne4 14.Nxe4 dxe4 15.Bg3 Qd7 16.Qb1 Bd5
17.Bd1 f6 18.exf6 exf6 19.Be2 f5 20.Bf4 h6 21.h4 Kh7 22.Qe1 a5 23.Qg3 a4
24.a3 Rae8 25.Bd6 Rf7 26.Rf2 Qe6 27.Raf1 h5 28.Rc1 Bf6 29.Qh3 Qd7 30.Rcf1 Be6
31.Rf4 Bg7 32.Qg3 Qd8 33.R4f2 Bf6 34.Rf4 Rd7 35.Qh2 Rb7 36.g4 hxg4 37.Bxg4 Rg7
38.Kh1 Rh8 39.h5 Kg8 40.Bd1 Bb3 41.Bxb3+ axb3 42.Kg1 Rxh5 43.Qd2 Bg5 44.Rxe4 fxe4
45.Rf8+ Qxf8 46.Bxf8 Kxf8 47.d5 cxd5 48.Qc3 Rf7 49.c6 Bd8  0-1

[Event "3rd Asian Indoor Team Rapid Prelim"]
[Site "Ha Long City VIE"]
[Date "2009.11.06"]
[Round "8"]
[White "Aboudi,M"]
[Black "Ni Hua"]
[Result "0-1"]
[WhiteElo "2176"]
[BlackElo "2655"]

1.e4 e6 2.d4 d5 3.exd5 exd5 4.Nf3 Bd6 5.Bd3 Ne7 6.O-O Nbc6 7.Re1 Bg4 8.c3 Qd7
9.h3 Bh5 10.Nbd2 f6 11.b4 O-O 12.Qc2 Bg6 13.Nb3 a6 14.Nc5 Bxc5 15.bxc5 Bxd3
16.Qxd3 Ng6 17.Rb1 Rab8 18.Bd2 Na5 19.Rb4 Rfe8 20.Reb1 Re4 21.Be3 Qf5 22.Nd2 Nf4
23.Bxf4 Re1+ 24.Rxe1 Qxd3 25.Re3 Qxd2 26.Re8+ Rxe8 27.Bxd2 g5 28.Kf1 Nc4
29.Be1 b5 30.Rb1 Kf7 31.Rc1 f5 32.Rc2 Re6 33.Bd2 Kg6 34.Bc1 f4 35.Re2 Rxe2
36.Kxe2 Kf5 37.Kf3 h5 38.g4+ fxg3 39.fxg3 g4+ 40.hxg4+ hxg4+ 41.Ke2 Ke4 42.Bf4 c6
43.Bc1 a5 44.Bh6 b4 45.cxb4 axb4 46.Bg7 Ne3 47.Be5 Nf5 48.Kd2 Nxd4 49.Bf4  0-1

[Event "3rd Asian Indoor Team Rapid S/F"]
[Site "Ha Long City VIE"]
[Date "2009.11.07"]
[Round "2"]
[White "Ni Hua"]
[Black "Khamrakulov,D"]
[Result "1-0"]
[WhiteElo "2655"]
[BlackElo "2509"]

1.e4 c6 2.d4 d5 3.Nd2 dxe4 4.Nxe4 Bf5 5.Ng3 Bg6 6.h4 h6 7.Nf3 Nd7 8.h5 Bh7
9.Bd3 Bxd3 10.Qxd3 e6 11.Bd2 Ngf6 12.O-O-O Qc7 13.Ne4 O-O-O 14.g3 Nxe4 15.Qxe4 Nf6
16.Qe2 Rd5 17.Bf4 Bd6 18.Ne5 c5 19.Kb1 cxd4 20.Rhe1 Kb8 21.Rd3 Rc8 22.c4 dxc3
23.Rxc3 Qe7 24.Rxc8+ Kxc8 25.Rc1+ Kd8 26.Qe3 Bc5 27.Qc3 Ke8 28.g4 Bxf2 29.Qf3 Bb6
30.a3 Rc5 31.Nc4 Rc6 32.g5 hxg5 33.Bxg5 Bd4 34.Qd3 e5 35.Re1 Qc5 36.Nd2 Qd5
37.Nf3 Re6 38.Bxf6 gxf6 39.h6 Ke7 40.h7 Qd8 41.Nxd4 exd4 42.Rxe6+ fxe6 43.Qg6 Kd6
44.Qg8 Qa5 45.Qg3+  1-0

[Event "6th TCh-CHN"]
[Site "Ningbo CHN"]
[Date "2010.04.17"]
[Round "2"]
[White "Ni Hua"]
[Black "Gao Rui"]
[Result "1-0"]
[WhiteElo "2667"]
[BlackElo "2464"]

1.Nf3 c5 2.c4 Nc6 3.d4 cxd4 4.Nxd4 Nf6 5.Nc3 e6 6.a3 d5 7.e3 Bc5 8.Nxc6 bxc6
9.Be2 O-O 10.O-O e5 11.b4 Be7 12.Bb2 a5 13.b5 d4 14.Na4 c5 15.f4 Ne4 16.fxe5 Bg5
17.Bc1 dxe3 18.Qxd8 Rxd8 19.Bf3 Bb7 20.Re1 Rd4 21.Bxe3 Bxe3+ 22.Rxe3 Re8
23.Rae1 Rxe5 24.Nxc5 Rxc5 25.Bxe4 Bc8 26.Bd3 Be6 27.b6 Rc8 28.Rxe6  1-0

[Event "6th TCh-CHN"]
[Site "Ningbo CHN"]
[Date "2010.04.18"]
[Round "3"]
[White "Ni Hua"]
[Black "Li Chao2"]
[Result "1-0"]
[WhiteElo "2667"]
[BlackElo "2613"]

1.Nf3 Nf6 2.c4 g6 3.Nc3 d5 4.cxd5 Nxd5 5.Qa4+ Bd7 6.Qh4 Bc6 7.Qd4 Rg8 8.Ne5 e6
9.e4 Nb4 10.Qxd8+ Kxd8 11.Kd1 Be8 12.d4 f6 13.Nf3 g5 14.Bc4 Bf7 15.h3 c5
16.e5 cxd4 17.Ne4 Nd7 18.Nxf6 Rc8 19.b3 Nxf6 20.exf6 b5 21.Bxb5 Rc5 22.Bc4 Nc6
23.Bb2 Rxc4 24.bxc4 e5 25.Bc1 h6 26.Re1 g4 27.Nxe5 Nxe5  1-0

[Event "TCh-CHN"]
[Site "Ningbo City CHN"]
[Date "2010.04.18"]
[Round "3"]
[White "Ni Hua"]
[Black "Li Chao2"]
[Result "1-0"]
[WhiteElo "2667"]
[BlackElo "2613"]

1.Nf3 Nf6 2.c4 g6 3.Nc3 d5 4.cxd5 Nxd5 5.Qa4+ Bd7 6.Qh4 Bc6 7.Qd4 Rg8 8.Ne5 e6
9.e4 Nb4 10.Qxd8+ Kxd8 11.Kd1 Be8 12.d4 f6 13.Nf3 g5 14.Bc4 Bf7 15.h3 c5
16.e5 cxd4 17.Ne4 Nd7 18.Nxf6 Rc8 19.b3 Nxf6 20.exf6 b5 21.Bxb5 Rc5 22.Bc4 Nc6
23.Bb2 Rxc4 24.bxc4 e5 25.Bc1 h6 26.Re1 g4 27.hxg4 Rxg4 28.Nxe5 Nxe5 29.Rxe5 Rxg2
30.Ke2 Bxc4+ 31.Kf3 Rg6 32.Rf5 Be6 33.Rf4 Ke8 34.Rb1 Bd6 35.Rxd4 Rxf6+ 36.Ke2 Bxa2
37.Ra1 Bc5 38.Re4+ Kd7 39.Be3 Bd5 40.Rea4 Bf3+ 41.Kd3 Bb6 42.Bxb6 axb6 43.Rd4+ Ke7
44.Ke3 Bg2 45.Rg1 Re6+ 46.Kd3 Bf3 47.Rf4 Bc6 48.Rg7+ Kd6 49.Rh7 Be8 50.Kd4 b5
51.Rh8 h5 52.Rf5 Kc6 53.Rc5+ Kb6 54.f4 Bc6 55.Re5 Rd6+ 56.Kc3  1-0

[Event "9th Asian Continental"]
[Site "Olongapo City PHI"]
[Date "2010.04.21"]
[Round "1"]
[White "Wohl,A"]
[Black "Ni Hua"]
[Result "0-1"]
[WhiteElo "2441"]
[BlackElo "2667"]

1.Nf3 Nf6 2.c4 g6 3.g3 Bg7 4.Bg2 d5 5.cxd5 Nxd5 6.O-O O-O 7.d4 Nb6 8.Nc3 Nc6
9.d5 Na5 10.e4 c6 11.Nd4 e6 12.Nb3 Nac4 13.dxc6 bxc6 14.Qc2 a5 15.a4 Qe7
16.Nd2 Ba6 17.Nxc4 Nxc4 18.b3 Qf6 19.bxc4 Qxc3 20.Qxc3 Bxc3 21.Bh6 Bxa1 22.Bxf8 Kxf8
23.Rxa1 c5 24.e5 Rb8 25.Bc6 Bxc4 26.Rc1 Bb3 27.Bb5 c4 28.Rc3 Rd8 29.Bxc4 Bxa4
30.Be2 Be8 31.Rc7 g5 32.Bf3 a4 33.Ra7 Rc8 34.Kg2 Kg7 35.Be4 Rc3 36.Kh3 a3
37.f3 h5 38.Kg2 Bb5 39.Kf2 g4 40.f4 Rc4  0-1

[Event "9th Asian Continental"]
[Site "Olongapo City PHI"]
[Date "2010.04.22"]
[Round "2"]
[White "Ni Hua"]
[Black "Tu Hoang Thong"]
[Result "1/2-1/2"]
[WhiteElo "2667"]
[BlackElo "2483"]

1.e4 e5 2.Nf3 Nc6 3.Nc3 Nf6 4.Bb5 Bd6 5.d3 h6 6.h3 a6 7.Ba4 O-O 8.g4 Nh7
9.h4 b5 10.Bb3 Na5 11.Rg1 Nxb3 12.axb3 Bb7 13.Bd2 Re8 14.g5 h5 15.g6 fxg6
16.Rxg6 b4 17.Na4 Re6 18.Rg3 Bf8 19.Qe2 d5 20.O-O-O dxe4 21.dxe4 Qe8 22.Rdg1 a5
23.Qc4 Kh8 24.Nc5 Rc6 25.Be3 a4 26.bxa4 Rxa4 27.b3 Ba6 28.Qd5 Ra1+ 29.Kb2 Rxg1
30.Rxg1 Nf6 31.Qxe5 Bxc5 32.Qg5 Bf8 33.Ne5 Nh7 34.Qg3 Rd6 35.Bc5 Bb7 36.f3 g5
37.Bxb4 Bg7 38.Bc3 Re6 39.Nd3 Bxc3+ 40.Kxc3 Ba6 41.hxg5 Bxd3 42.cxd3 Qb5
43.Kd2 Rd6 44.f4 Qxb3 45.Rd1 Ra6 46.Ke2 Ra2+ 47.Rd2 Ra1 48.Qh3 Qb1 49.Qc8+ Kg7
50.Qxc7+ Kg8 51.Qc4+ Kg7 52.Qd4+ Kg8  1/2-1/2

[Event "9th Asian Continental"]
[Site "Olongapo City PHI"]
[Date "2010.04.28"]
[Round "8"]
[White "Ni Hua"]
[Black "Li Chao2"]
[Result "1-0"]
[WhiteElo "2667"]
[BlackElo "2613"]

1.Nf3 Nf6 2.c4 g6 3.Nc3 Bg7 4.g3 d5 5.cxd5 Nxd5 6.Bg2 O-O 7.O-O c5 8.Nxd5 Qxd5
9.d3 Nc6 10.Be3 Bxb2 11.Rb1 Bg7 12.Qa4 Qd6 13.Rfc1 Nd4 14.Nxd4 cxd4 15.Bf4 Be5
16.Bh6 Rd8 17.Bxb7 Bxb7 18.Rxb7 Qf6 19.Rxa7 Rab8 20.Rd7 Re8 21.Rd5 Qe6 22.Rdc5 f6
23.Rc6 Qd5 24.R1c5 Qf7 25.Bc1 h5 26.Qc2 Kg7 27.h4 Rh8 28.f4 Rbf8 29.e4 Bb8
30.Qc4 Bd6 31.Qxf7+ Kxf7 32.Rc4 Ra8 33.a4 Rhb8 34.Rxd4 Bb4 35.e5 Rxa4 36.Kg2 Ra2+
37.Kf3 f5 38.Be3 Ba3 39.Rdc4 Rb1 40.e6+ Kg7 41.Bd4+ Kh7 42.Rc2 Rxc2 43.Rxc2 Rb8
44.Be5 Rd8 45.d4 Kg8 46.Ra2 Bb4 47.Ra4 Bc3 48.Rc4 Ba5 49.Ra4 Bc3 50.Ke3 Kf8
51.Rc4 Be1 52.Kf3 Ba5 53.Rc1 Ke8 54.Rb1 Rc8 55.d5 Rd8 56.Rb5 Be1 57.Kg2 Rc8
58.Rb7 Ba5 59.Kf3 Bd8 60.Ke3 Ra8 61.Bc7 Bxc7 62.Rxc7 Kf8 63.Kd4 Rb8 64.Kc5 Rd8
65.Rd7 Ra8 66.Kb6 Ke8 67.Ra7 Rc8 68.Rb7 Kd8 69.Rd7+ Ke8 70.Rc7 Rb8+ 71.Ka7 Rd8
72.Kb7  1-0

[Event "4th All China Games Rapid"]
[Site "Hefei CHN"]
[Date "2010.05.17"]
[Round "1"]
[White "Ni Hua"]
[Black "Li Wenliang"]
[Result "1-0"]
[WhiteElo "2667"]
[BlackElo "2441"]

1.e4 Nf6 2.e5 Nd5 3.d4 d6 4.Nf3 g6 5.Bc4 Nb6 6.Bb3 Bg7 7.a4 a5 8.O-O O-O
9.h3 Nc6 10.Qe2 dxe5 11.dxe5 Nd4 12.Nxd4 Qxd4 13.Re1 Be6 14.Bxe6 fxe6 15.Nd2 Rf5
16.Nf3 Qc4 17.b3 Qxe2 18.Rxe2 Rd8 19.Bd2 Rd5 20.c4 Rd3 21.Bxa5 Rfxf3 22.gxf3 Rxb3
23.Bxb6 cxb6 24.Kg2 Rb4 25.Re4 g5 26.c5 Rb2 27.cxb6 Rxb6 28.a5 Rb5 29.Raa4 Bxe5
30.Reb4 Rxb4 31.Rxb4 Bc3 32.Rxb7 Bxa5 33.Rxe7 Bb4 34.Rxe6 Kf7 35.Rc6 Bd2
36.Kg3  1-0

[Event "4th All China Games Rapid"]
[Site "Hefei CHN"]
[Date "2010.05.18"]
[Round "5"]
[White "Ni Hua"]
[Black "Tan Zhongyi"]
[Result "1-0"]
[WhiteElo "2667"]
[BlackElo "2464"]

1.e4 d6 2.d4 g6 3.Nc3 Bg7 4.Be3 a6 5.f4 b5 6.Bd3 Bb7 7.Nf3 Nd7 8.e5 e6 9.a4 b4
10.Ne4 Bxe4 11.Bxe4 d5 12.Bd3 a5 13.O-O Ne7 14.c3 bxc3 15.bxc3 Rb8 16.Qe2 O-O
17.g4 Rb6 18.Rab1 f5 19.Ng5 Qe8 20.Rxb6 Nxb6 21.Ba6 Qd7 22.Qb5 Nc6 23.Bb7 Nd8
24.Qxd7 Nxd7 25.Bc8 Nb6 26.Bxe6+ Kh8 27.gxf5 gxf5 28.Bc1 Bh6 29.Ba3 Bxg5
30.fxg5 Nxe6 31.Bxf8 Nxf8 32.Rxf5 Kg7 33.Rf6 Nxa4 34.e6 Ng6 35.Rf7+ Kg8 36.Rxc7 Kf8
37.Rxh7 Nxc3 38.h4 Ne2+ 39.Kf2 Nxd4 40.h5 Ne5 41.e7+ Ke8 42.Ke3 Ne6 43.g6 Ng4+
44.Kd2  1-0

[Event "4th All China Games Rapid"]
[Site "Hefei CHN"]
[Date "2010.05.18"]
[Round "6"]
[White "Yu Yangyi"]
[Black "Ni Hua"]
[Result "1-0"]
[WhiteElo "2585"]
[BlackElo "2667"]

1.Nf3 Nf6 2.g3 g6 3.Bg2 Bg7 4.c4 c6 5.O-O O-O 6.b3 Ne4 7.d4 d5 8.Bb2 Bf5
9.Nfd2 Nd7 10.e3 h5 11.Nc3 Nxc3 12.Bxc3 Nf6 13.Qe2 Qd7 14.Rad1 Ne4 15.Nxe4 Bxe4
16.Bxe4 dxe4 17.Qc2 Qg4 18.d5 Bxc3 19.Qxc3 cxd5 20.Rxd5 e6 21.Rd7 Rad8 22.Rxb7 h4
23.Qf6 Rd2 24.Qxh4 Qxh4 25.gxh4 Rxa2 26.Rd1 a5 27.Rd4 a4 28.bxa4 Rxa4 29.c5 Rxd4
30.exd4 Ra8 31.Rd7 Ra1+ 32.Kg2 Rc1 33.Kg3 e5 34.dxe5 Rxc5 35.Kf4 Rc2 36.Ke3 Rc3+
37.Kxe4 Rh3 38.Kf4 Rxh4+ 39.Kg3 Re4 40.f4 Re1 41.Rd3 Kg7 42.Kg4 Rg1+ 43.Rg3 Ra1
44.h4 f6 45.Rb3 Rg1+ 46.Kf3 Rf1+ 47.Ke4 fxe5 48.Rb7+ Kh6 49.fxe5 Rh1 50.e6 Rxh4+
51.Ke5 Rh1 52.e7 Re1+ 53.Kf6 Rf1+ 54.Ke6 Re1+ 55.Kd7 Rd1+ 56.Kc8 Re1 57.Kd8 g5
58.e8=Q Rxe8+ 59.Kxe8 Kh5 60.Kf7 g4 61.Kf6 Kh4 62.Kf5  1-0

[Event "4th All China Games Rapid"]
[Site "Hefei CHN"]
[Date "2010.05.19"]
[Round "9"]
[White "Ni Hua"]
[Black "Zhao Jun"]
[Result "1-0"]
[WhiteElo "2667"]
[BlackElo "2574"]

1.e4 e5 2.Nf3 Nf6 3.Nxe5 d6 4.Nf3 Nxe4 5.d4 d5 6.Bd3 Nc6 7.c4 Bf5 8.O-O Be7
9.Re1 Nb4 10.Bf1 O-O 11.a3 Nc6 12.Nc3 Nxc3 13.bxc3 Bf6 14.Bf4 Rc8 15.h3 h6
16.Nd2 Na5 17.Qh5 Be6 18.cxd5 Qxd5 19.Be5 b6 20.f4 Qd8 21.Ne4 Bxe5 22.dxe5 Bb3
23.Re3 Bc2 24.f5 Bxe4 25.Rxe4 Qg5 26.Qf3 h5 27.Rd1 Rcd8 28.Rxd8 Rxd8 29.e6 fxe6
30.fxe6 Rf8 31.Qe2 Qc5+ 32.Qe3 Qxe3+ 33.Rxe3 g6 34.Bb5 c6 35.Bd3 Kg7 36.Rg3 Rf6
37.Bxg6 Kf8 38.Bf7 Nb7 39.Rg8+ Ke7 40.Re8+ Kd6 41.Bxh5 Rxe6 42.g4 Nc5 43.Kg2 Ne4
44.Rd8+ Ke5 45.h4 Nf6 46.Rh8 Ne4 47.g5 Nxc3 48.Bf7 Re7 49.g6 Kf6 50.h5 Ne2
51.Kf3 Nd4+ 52.Kf4 Ne2+ 53.Kg4 Nd4 54.h6 Re4+ 55.Kh3 Nf5 56.h7 Rh4+ 57.Kg2 Rg4+
58.Kf2 Rxg6 59.Bxg6 Kxg6 60.Rf8  1-0

[Event "4th All China Games Rapid"]
[Site "Hefei CHN"]
[Date "2010.05.20"]
[Round "10"]
[White "Bu Xiangzhi"]
[Black "Ni Hua"]
[Result "0-1"]
[WhiteElo "2681"]
[BlackElo "2667"]

1.Nf3 Nf6 2.c4 c6 3.d4 d5 4.Nc3 dxc4 5.a4 Bf5 6.Ne5 Nbd7 7.Nxc4 Nb6 8.Ne5 a5
9.e3 Nbd7 10.Bd3 Bg6 11.f4 e6 12.O-O Bb4 13.Nxg6 hxg6 14.e4 Qb6 15.Be3 e5
16.fxe5 Nxe5 17.Be2 Rd8 18.Bf2 Qc7 19.h3 c5 20.Nd5 Nxd5 21.exd5 cxd4 22.Bb5+ Kf8
23.Rc1 Bc5 24.Bxd4 Bxd4+ 25.Qxd4 Nf3+ 26.Rxf3 Qxc1+ 27.Rf1 Qc7 28.Qe4 Qd6
29.Qe6 Qxe6 30.dxe6 f5 31.Rc1 Ke7 32.Rc7+ Kxe6 33.Rxg7 Kf6 34.Rxb7 Rd2 35.Rb6+ Kg5
36.Bc4 Rhd8 37.b4 axb4 38.Bf7 Rb2 39.a5 Kf4 40.Rxg6 Rd1+ 41.Kh2 Rbb1  0-1

[Event "4th All China Games Rapid"]
[Site "Hefei CHN"]
[Date "2010.05.20"]
[Round "11"]
[White "Ni Hua"]
[Black "Li Chao2"]
[Result "1/2-1/2"]
[WhiteElo "2667"]
[BlackElo "2619"]

1.Nf3 Nf6 2.c4 g6 3.Nc3 Bg7 4.g3 O-O 5.Bg2 d5 6.cxd5 Nxd5 7.O-O c5 8.Qa4 Nb6
9.Qh4 e6 10.Qxd8 Rxd8 11.d3 Nd5 12.Bg5 f6 13.Bd2 Nc6 14.a3 Nxc3 15.Bxc3 e5
16.b4 cxb4 17.axb4 Be6 18.Nd2 Bd5 19.Ne4 f5 20.Nc5 Nd4 21.Bxd4 Bxg2 22.Kxg2 Rxd4
23.Rfb1 e4 24.Ra2 exd3 25.Nxd3 Rc4 26.Rb3 a6 27.h4  1/2-1/2

[Event "TCh-CHN"]
[Site "Shenzhan CHN"]
[Date "2010.06.07"]
[Round "4"]
[White "Ni Hua"]
[Black "Zhang Pengxiang"]
[Result "1/2-1/2"]
[WhiteElo "2667"]
[BlackElo "2605"]

1.e4 e5 2.Nf3 Nc6 3.Bb5 a6 4.Ba4 Nf6 5.O-O Be7 6.Re1 b5 7.Bb3 d6 8.c3 O-O
9.h3 Nb8 10.d4 Nbd7 11.Nbd2 Bb7 12.Bc2 Re8 13.Nf1 Bf8 14.Ng3 g6 15.Bg5 h6
16.Bd2 Bg7 17.a4 Nf8 18.b4 c6 19.Qc1 Kh7 20.Bb3 Qc7 21.dxe5 dxe5 22.c4 bxa4
23.Bxa4 Ne6 24.c5 Nd7 25.Bb3 a5 26.Bxe6 Rxe6 27.Rxa5 Rxa5 28.bxa5 Ba6 29.Qc3 Re8
30.Rb1 Bb5 31.Be3 Nf8 32.Nd2 Ne6 33.Nc4 Bxc4 34.Qxc4 Qxa5 35.Rb6 Rc8 36.Rb7 Rc7
37.Rxc7 Qxc7 38.Ne2 Qa5 39.Nc1 Qe1+ 40.Kh2 h5 41.Qc2 Bh6 42.Nd3 Qa1 43.Bxh6  1/2-1/2